[Event "13. Golden Prague Rapid Open"]
[Site "Praha"]
[Date "2017.07.01"]
[Round "5.18"]
[White "Horinek, Karel"]
[Black "Saur, Frantisek"]
[Result "1-0"]
[WhiteElo "1962"]
[BlackElo "1780"]
[Annotator ""]
[Source ""]
[Remark ""]

1.e4 {[%clk 0:12:04]} c6 {[%clk 0:12:00]} 2.g3 {[%clk 0:11:49]}
d5 {[%clk 0:11:57]} 3.e5 {[%clk 0:11:42]} Bf5 {[%clk 0:11:50]}
4.d4 {[%clk 0:11:30]} e6 {[%clk 0:11:49]} 5.Nf3 {[%clk 0:11:30]}
Nd7 {[%clk 0:11:25]} 6.Be3 {[%clk 0:11:28]} h6 {[%clk 0:11:12]}
7.Nbd2 {[%clk 0:11:28]} c5 {[%clk 0:10:48]} 8.c3 {[%clk 0:11:25]}
Qb6 {[%clk 0:10:28]} 9.b3 {[%clk 0:10:55]} Bh7 {[%clk 0:10:13]}
10.Be2 {[%clk 0:10:51]} Ne7 {[%clk 0:10:14]} 11.g4 {[%clk 0:10:27]}
Nc6 {[%clk 0:10:00]} 12.O-O {[%clk 0:10:17]} Be7 {[%clk 0:09:32]}
13.a4 {[%clk 0:10:08]} a5 {[%clk 0:09:00]} 14.Ra2 {[%clk 0:09:25]}
cxd4 {[%clk 0:08:45]} 15.cxd4 {[%clk 0:09:10]} Nb4 {[%clk 0:08:39]}
16.Rb2 {[%clk 0:09:07]} Rc8 {[%clk 0:08:27]} 17.Bb5 {[%clk 0:08:52]}
Rc7 {[%clk 0:07:39]} 18.Ne1 {[%clk 0:08:48]} O-O {[%clk 0:07:31]}
19.Kg2 {[%clk 0:08:23]} f6 {[%clk 0:07:18]} 20.f4 {[%clk 0:08:03]}
fxe5 {[%clk 0:07:19]} 21.fxe5 {[%clk 0:07:50]} Rxf1 {[%clk 0:07:04]}
22.Nxf1 {[%clk 0:07:49]} Be4+ {[%clk 0:06:44]} 23.Kg3 {[%clk 0:07:44]}
Nf8 {[%clk 0:06:38]} 24.Nd2 {[%clk 0:07:26]} Bh7 {[%clk 0:06:28]}
25.Ndf3 {[%clk 0:07:27]} Rc3 {[%clk 0:06:02]} 26.Qd2 {[%clk 0:06:50]}
Qc7 {[%clk 0:05:42]} 27.h4 {[%clk 0:06:47]} Nc2 {[%clk 0:05:07]}
28.Nxc2 {[%clk 0:06:19]} Rxc2 {[%clk 0:04:59]} 29.Rxc2 {[%clk 0:06:19]}
Qxc2 {[%clk 0:04:48]} 30.Qxc2 {[%clk 0:06:15]} Bxc2 {[%clk 0:04:49]}
31.Nd2 {[%clk 0:06:14]} Bb4 {[%clk 0:04:47]} 32.g5 {[%clk 0:06:10]}
hxg5 {[%clk 0:04:17]} 33.Nf3 {[%clk 0:06:07]} gxh4+ {[%clk 0:04:14]}
34.Nxh4 {[%clk 0:06:00]} Bxb3 {[%clk 0:04:00]} 35.Nf3 {[%clk 0:05:42]}
Bc4 {[%clk 0:04:00]} 36.Be8 {[%clk 0:05:30]} b6 {[%clk 0:03:34]}
37.Ng5 {[%clk 0:05:29]} Bb3 {[%clk 0:03:12]} 38.Kg4 {[%clk 0:05:03]}
Bd1+ {[%clk 0:03:12]} 39.Kf4 {[%clk 0:05:01]} g6 {[%clk 0:03:03]}
40.Bf7+ {[%clk 0:04:50]} Kg7 {[%clk 0:02:59]} 41.Be8 {[%clk 0:04:31]}
Be7 {[%clk 0:02:52]} 42.Nf3 {[%clk 0:04:27]} Nh7 {[%clk 0:02:35]}
43.Bf2 {[%clk 0:04:06]} g5+ {[%clk 0:02:28]} 44.Kg3 {[%clk 0:04:08]}
Kf8 {[%clk 0:02:19]} 45.Bd7 {[%clk 0:04:08]} Kf7 {[%clk 0:02:15]}
46.Be3 {[%clk 0:04:04]} Nf8 {[%clk 0:02:07]} 47.Bb5 {[%clk 0:03:53]}
Kg6 {[%clk 0:02:09]} 48.Be8+ {[%clk 0:03:40]} Kf5 {[%clk 0:02:07]}
49.Kf2 {[%clk 0:03:02]} Ng6 {[%clk 0:02:00]} 50.Bd7 {[%clk 0:02:56]}
g4 {[%clk 0:01:32]} 51.Nd2 {[%clk 0:02:32]} Bh4+ {[%clk 0:01:32]}
52.Kg1 {[%clk 0:02:28]} Be1 {[%clk 0:01:29]} 53.Kf1 {[%clk 0:01:56]}
Bg3 {[%clk 0:01:23]} 54.Kg2 {[%clk 0:01:55]} Be1 {[%clk 0:01:24]}
55.Bb5 {[%clk 0:01:42]} Nh4+ {[%clk 0:01:24]} 56.Kf1 {[%clk 0:01:39]}
Bg3 {[%clk 0:01:18]} 57.Bd3# {[%clk 0:01:36]} 1-0

[Event "13. Golden Prague Rapid Open"]
[Site "Praha"]
[Date "2017.07.01"]
[Round "6.1"]
[White "Konopka, Michal"]
[Black "Balacek, Tadeas"]
[Result "1/2-1/2"]
[WhiteElo "2415"]
[BlackElo "2308"]
[Annotator ""]
[Source ""]
[Remark ""]

1.Nf3 {[%clk 0:12:00]} d5 {[%clk 0:11:54]} 2.d4 {[%clk 0:11:59]}
Nf6 {[%clk 0:11:55]} 3.c4 {[%clk 0:11:59]} dxc4 {[%clk 0:11:52]}
4.Qa4+ {[%clk 0:11:43]} Nbd7 {[%clk 0:10:55]} 5.g3 {[%clk 0:11:17]}
a6 {[%clk 0:10:50]} 6.Nc3 {[%clk 0:11:14]} Rb8 {[%clk 0:10:38]}
7.Qxc4 {[%clk 0:11:14]} b5 {[%clk 0:10:39]} 8.Qd3 {[%clk 0:11:15]}
Bb7 {[%clk 0:10:31]} 9.Bg2 {[%clk 0:11:16]} e6 {[%clk 0:10:09]}
10.Bf4 {[%clk 0:11:13]} Bd6 {[%clk 0:09:47]} 11.O-O {[%clk 0:11:12]}
O-O {[%clk 0:08:50]} 12.Rfd1 {[%clk 0:10:43]} Bxf4 {[%clk 0:07:49]}
13.gxf4 {[%clk 0:10:44]} c5 {[%clk 0:07:49]} 14.dxc5 {[%clk 0:09:40]}
Nxc5 {[%clk 0:07:45]} 15.Qe3 {[%clk 0:09:13]} Qe7 {[%clk 0:07:33]}
16.Ne5 {[%clk 0:08:16]} Bxg2 {[%clk 0:07:09]} 17.Kxg2 {[%clk 0:08:17]}
Qb7+ {[%clk 0:06:17]} 18.Qf3 {[%clk 0:07:16]} b4 {[%clk 0:06:13]}
19.Nb1 {[%clk 0:07:03]} Nd5 {[%clk 0:05:15]} 20.e3 {[%clk 0:05:45]}
Rfd8 {[%clk 0:04:36]} 21.Nd2 {[%clk 0:05:24]} f6 {[%clk 0:04:22]}
22.Nec4 {[%clk 0:05:11]} Rbc8 {[%clk 0:04:13]} 23.Kg1 {[%clk 0:04:33]}
Qb5 {[%clk 0:04:08]} 24.a3 {[%clk 0:03:45]} b3 {[%clk 0:03:54]}
25.Qh3 {[%clk 0:02:47]} Rc6 {[%clk 0:02:43]} 26.Qf1 {[%clk 0:02:24]}
Na4 {[%clk 0:02:27]} 27.Rab1 {[%clk 0:01:50]} Rdc8 {[%clk 0:02:21]}
28.Qh3 f5 29.Ne5 1/2-1/2

[Event "13. Golden Prague Rapid Open"]
[Site "Praha"]
[Date "2017.07.01"]
[Round "6.2"]
[White "Kiss, Pal"]
[Black "Netusil, Miloslav"]
[Result "1/2-1/2"]
[WhiteElo "2339"]
[BlackElo "2249"]
[Annotator ""]
[Source ""]
[Remark ""]

1.d4 {[%clk 0:12:04]} Nf6 {[%clk 0:12:05]} 2.c4 {[%clk 0:12:00]}
e5 {[%clk 0:12:05]} 3.dxe5 {[%clk 0:12:00]} Ne4 {[%clk 0:12:06]}
4.Nf3 {[%clk 0:11:54]} Nc6 {[%clk 0:12:09]} 5.Nbd2 {[%clk 0:10:58]}
Nc5 {[%clk 0:12:11]} 6.Nb3 {[%clk 0:10:39]} Nxb3 {[%clk 0:12:10]}
7.axb3 {[%clk 0:09:26]} Bb4+ {[%clk 0:12:11]} 8.Bd2 {[%clk 0:09:17]}
Bxd2+ {[%clk 0:12:12]} 9.Qxd2 {[%clk 0:09:12]} Qe7 {[%clk 0:12:13]}
10.Qc3 {[%clk 0:08:46]} O-O {[%clk 0:12:10]} 11.e3 {[%clk 0:06:59]}
Re8 {[%clk 0:12:12]} 12.Be2 {[%clk 0:06:51]} b6 {[%clk 0:11:51]}
13.O-O {[%clk 0:06:48]} a5 {[%clk 0:11:11]} 14.Rfd1 {[%clk 0:06:48]}
Nxe5 {[%clk 0:10:43]} 15.Nxe5 {[%clk 0:06:16]} Qxe5 {[%clk 0:10:45]}
16.Bf3 {[%clk 0:05:33]} Rb8 {[%clk 0:10:39]} 17.b4 {[%clk 0:04:58]}
axb4 {[%clk 0:10:07]} 18.Qxb4 {[%clk 0:04:58]} d6 {[%clk 0:09:07]}
19.Bc6 {[%clk 0:04:49]} Re7 {[%clk 0:09:07]} 20.Qd2 {[%clk 0:04:11]}
Bg4 {[%clk 0:08:08]} 21.Rdc1 {[%clk 0:03:35]} Bd7 {[%clk 0:08:04]}
22.Bxd7 {[%clk 0:03:25]} 1/2-1/2

[Event "13. Golden Prague Rapid Open"]
[Site "Praha"]
[Date "2017.07.01"]
[Round "6.3"]
[White "Rydl, Jiri"]
[Black "Fedorov, Evgueny"]
[Result "1/2-1/2"]
[WhiteElo "2196"]
[BlackElo "2251"]
[Annotator ""]
[Source ""]
[Remark ""]

1.c4 {[%clk 0:12:03]} Nf6 {[%clk 0:12:05]} 2.g3 {[%clk 0:12:04]}
c5 {[%clk 0:11:26]} 3.Bg2 {[%clk 0:12:04]} e6 {[%clk 0:11:27]}
4.Nf3 {[%clk 0:12:05]} Be7 {[%clk 0:11:22]} 5.O-O {[%clk 0:12:04]}
O-O {[%clk 0:11:23]} 6.d4 {[%clk 0:11:51]} d5 {[%clk 0:10:28]}
7.cxd5 {[%clk 0:11:39]} Nxd5 {[%clk 0:09:55]} 8.Nc3 {[%clk 0:11:05]}
Nxc3 {[%clk 0:09:49]} 9.bxc3 {[%clk 0:11:06]} Nc6 {[%clk 0:09:50]}
10.Rb1 {[%clk 0:10:42]} Qa5 {[%clk 0:08:16]} 11.Qb3 {[%clk 0:10:12]}
Rd8 {[%clk 0:07:12]} 12.Rd1 {[%clk 0:08:46]} Bd7 {[%clk 0:06:31]}
13.Bf4 {[%clk 0:08:24]} cxd4 {[%clk 0:05:32]} 14.cxd4 {[%clk 0:08:10]}
b6 {[%clk 0:02:18]} 15.d5 {[%clk 0:06:58]} exd5 {[%clk 0:01:52]}
16.Rxd5 {[%clk 0:06:45]} Be6 {[%clk 0:01:44]} 17.Rxd8+ {[%clk 0:02:24]}
Rxd8 {[%clk 0:01:46]} 18.Qc2 {[%clk 0:02:26]} Qxa2 {[%clk 0:01:26]}
19.Rb2 {[%clk 0:02:26]} Qa1+ {[%clk 0:01:27]} 20.Rb1 {[%clk 0:02:23]}
Qa2 {[%clk 0:01:28]} 21.Rb2 {[%clk 0:02:16]} Qa1+ {[%clk 0:01:30]}
22.Rb1 {[%clk 0:02:17]} Qa2 {[%clk 0:01:31]} 23.Rb2 Qxb2 24.Qxb2
Rd1+ 25.Bf1 1/2-1/2

[Event "13. Golden Prague Rapid Open"]
[Site "Praha"]
[Date "2017.07.01"]
[Round "6.4"]
[White "Rahul, Srivasthav Peddi"]
[Black "Pribyl, Josef"]
[Result "1-0"]
[WhiteElo "1822"]
[BlackElo "2240"]
[Annotator ""]
[Source ""]
[Remark ""]

1.d4 {[%clk 0:12:02]} Nf6 {[%clk 0:12:03]} 2.Bf4 {[%clk 0:12:01]}
d6 {[%clk 0:11:58]} 3.e3 {[%clk 0:12:00]} Nbd7 {[%clk 0:11:57]}
4.Nf3 {[%clk 0:11:59]} g6 {[%clk 0:11:55]} 5.Be2 {[%clk 0:11:57]}
Bg7 {[%clk 0:11:57]} 6.O-O O-O 7.h3 {[%clk 0:11:55]} c6 {[%clk 0:11:54]}
8.c4 {[%clk 0:11:56]} Qe8 9.Bh2 {[%clk 0:11:56]} e5 {[%clk 0:11:48]}
10.Nc3 {[%clk 0:11:56]} Qe7 {[%clk 0:11:50]} 11.b4 {[%clk 0:11:54]}
Re8 {[%clk 0:11:40]} 12.c5 {[%clk 0:11:34]} dxc5 {[%clk 0:11:36]}
13.dxc5 {[%clk 0:11:35]} a5 {[%clk 0:11:28]} 14.a3 {[%clk 0:11:32]}
h5 {[%clk 0:11:00]} 15.Qc2 {[%clk 0:11:14]} Nd5 {[%clk 0:10:16]}
16.Nxd5 {[%clk 0:10:16]} cxd5 {[%clk 0:10:18]} 17.c6 {[%clk 0:10:18]}
bxc6 {[%clk 0:09:50]} 18.Qxc6 {[%clk 0:10:19]} Ra7 {[%clk 0:09:27]}
19.Qxd5 {[%clk 0:10:15]} axb4 {[%clk 0:08:53]} 20.axb4 {[%clk 0:10:16]}
Bb7 {[%clk 0:08:27]} 21.Qd2 {[%clk 0:09:46]} Rxa1 {[%clk 0:08:08]}
22.Rxa1 {[%clk 0:09:47]} Bxf3 {[%clk 0:08:10]} 23.gxf3 {[%clk 0:09:28]}
Rb8 {[%clk 0:06:52]} 24.Ra7 {[%clk 0:08:45]} Qg5+ {[%clk 0:06:53]}
25.Kh1 {[%clk 0:08:46]} Nb6 {[%clk 0:06:15]} 26.Qa2 {[%clk 0:08:02]}
Qf5 {[%clk 0:06:02]} 27.Kg2 {[%clk 0:07:24]} Rc8 {[%clk 0:06:03]}
28.Qb3 {[%clk 0:07:07]} h4 {[%clk 0:05:29]} 29.Bd3 {[%clk 0:06:40]}
Qg5+ {[%clk 0:05:23]} 30.Kf1 {[%clk 0:06:42]} Qf6 {[%clk 0:05:08]}
31.Ke2 {[%clk 0:06:32]} Bf8 {[%clk 0:05:06]} 32.Bxe5 {[%clk 0:06:29]}
Qe6 {[%clk 0:04:52]} 33.Qxe6 {[%clk 0:06:29]} fxe6 {[%clk 0:04:54]}
34.Bxg6 {[%clk 0:06:29]} Bxb4 {[%clk 0:04:56]} 35.Bh7+ {[%clk 0:06:29]}
Kf8 {[%clk 0:04:58]} 36.Bg7+ {[%clk 0:06:31]} Ke8 {[%clk 0:05:00]}
37.Bg6+ {[%clk 0:06:33]} 1-0

[Event "13. Golden Prague Rapid Open"]
[Site "Praha"]
[Date "2017.07.01"]
[Round "6.5"]
[White "Reznicek, Marcel"]
[Black "Plischki, Sebastian"]
[Result "0-1"]
[WhiteElo "2091"]
[BlackElo "2415"]
[Annotator ""]
[Source ""]
[Remark ""]

1.h4 {[%clk 0:12:04]} e5 {[%clk 0:12:00]} 2.h5 {[%clk 0:12:05]}
d5 {[%clk 0:11:59]} 3.c3 {[%clk 0:12:08]} Nc6 {[%clk 0:11:52]}
4.d4 {[%clk 0:12:10]} h6 {[%clk 0:11:41]} 5.dxe5 {[%clk 0:12:07]}
Nxe5 {[%clk 0:11:41]} 6.Bf4 {[%clk 0:11:56]} Ng4 {[%clk 0:11:39]}
7.Nf3 {[%clk 0:11:50]} N8f6 {[%clk 0:11:35]} 8.e3 {[%clk 0:11:46]}
Bd6 {[%clk 0:11:31]} 9.Bxd6 {[%clk 0:11:31]} Qxd6 {[%clk 0:11:31]}
10.Bd3 {[%clk 0:11:26]} O-O {[%clk 0:11:16]} 11.Nbd2 {[%clk 0:11:14]}
Re8 {[%clk 0:11:16]} 12.Nf1 {[%clk 0:11:09]} c5 {[%clk 0:10:58]}
13.Qe2 {[%clk 0:11:02]} Bd7 {[%clk 0:10:30]} 14.O-O-O {[%clk 0:10:56]}
Bc6 {[%clk 0:10:15]} 15.Ng3 {[%clk 0:10:50]} Nxe3 {[%clk 0:10:10]}
16.fxe3 {[%clk 0:09:30]} Qxg3 {[%clk 0:10:11]} 17.Bc2 {[%clk 0:09:19]}
Rad8 {[%clk 0:10:01]} 18.Rh3 {[%clk 0:09:03]} Qg4 {[%clk 0:09:45]}
19.Nh2 {[%clk 0:08:39]} Qxe2 0-1

[Event "13. Golden Prague Rapid Open"]
[Site "Praha"]
[Date "2017.07.01"]
[Round "6.6"]
[White "Vetrovsky, Michal"]
[Black "Frolov, Artur"]
[Result "0-1"]
[WhiteElo "2081"]
[BlackElo "2332"]
[Annotator ""]
[Source ""]
[Remark ""]

1.d4 {[%clk 0:12:03]} Nf6 {[%clk 0:12:06]} 2.Bf4 {[%clk 0:12:03]}
g6 {[%clk 0:12:02]} 3.e3 {[%clk 0:12:04]} Bg7 {[%clk 0:12:04]}
4.Nf3 {[%clk 0:12:06]} O-O {[%clk 0:12:05]} 5.Be2 {[%clk 0:12:06]}
c5 {[%clk 0:12:07]} 6.c3 {[%clk 0:12:07]} b6 {[%clk 0:12:05]}
7.h3 {[%clk 0:12:07]} Bb7 {[%clk 0:12:03]} 8.O-O {[%clk 0:12:07]}
d5 {[%clk 0:12:04]} 9.Nbd2 {[%clk 0:12:05]} Nc6 {[%clk 0:12:06]}
10.Re1 {[%clk 0:12:03]} Re8 {[%clk 0:11:31]} 11.Ne5 {[%clk 0:12:04]}
Nxe5 {[%clk 0:11:14]} 12.Bxe5 {[%clk 0:12:04]} Bh6 {[%clk 0:11:00]}
13.Bf3 {[%clk 0:12:02]} Nd7 {[%clk 0:10:49]} 14.Bg3 {[%clk 0:11:58]}
e5 {[%clk 0:10:39]} 15.dxe5 {[%clk 0:11:54]} Nxe5 {[%clk 0:10:40]}
16.Be2 {[%clk 0:11:44]} d4 {[%clk 0:09:55]} 17.cxd4 {[%clk 0:11:02]}
cxd4 {[%clk 0:09:56]} 18.exd4 {[%clk 0:10:47]} Qxd4 {[%clk 0:09:45]}
19.Nf3 {[%clk 0:10:35]} Nxf3+ {[%clk 0:09:26]} 20.Bxf3 {[%clk 0:10:35]}
Rxe1+ {[%clk 0:09:14]} 21.Qxe1 {[%clk 0:10:32]} Bxf3 {[%clk 0:09:15]}
22.gxf3 {[%clk 0:10:34]} Qxb2 {[%clk 0:09:03]} 23.Be5 {[%clk 0:10:35]}
Qa3 {[%clk 0:08:49]} 24.Bd4 {[%clk 0:10:05]} Bg7 {[%clk 0:07:40]}
25.Bxg7 {[%clk 0:09:48]} Kxg7 {[%clk 0:07:42]} 26.Qe5+ {[%clk 0:09:40]}
Kg8 {[%clk 0:07:43]} 27.Qd5 {[%clk 0:09:01]} Rc8 {[%clk 0:07:40]}
28.Re1 {[%clk 0:08:57]} Qc5 {[%clk 0:07:16]} 29.Qd7 {[%clk 0:08:14]}
Qg5+ {[%clk 0:05:27]} 30.Kh1 {[%clk 0:07:59]} Rc1 {[%clk 0:05:04]}
31.Rxc1 {[%clk 0:07:38]} Qxc1+ {[%clk 0:05:06]} 32.Kg2 {[%clk 0:07:39]}
Qg5+ {[%clk 0:05:01]} 33.Kh1 {[%clk 0:07:29]} Qf5 {[%clk 0:04:43]}
34.Qd8+ {[%clk 0:07:19]} Kg7 {[%clk 0:04:46]} 35.Kg2 {[%clk 0:07:17]}
Qf6 {[%clk 0:04:43]} 36.Qd7 {[%clk 0:07:10]} Qg5+ {[%clk 0:04:44]}
37.Kh2 {[%clk 0:07:06]} Qc5 {[%clk 0:04:38]} 38.Kg2 {[%clk 0:07:02]}
b5 {[%clk 0:04:40]} 39.Qd8 {[%clk 0:06:50]} b4 {[%clk 0:04:37]}
40.Qa8 {[%clk 0:05:40]} h5 {[%clk 0:04:21]} 41.Qb7 {[%clk 0:05:35]}
a5 {[%clk 0:04:14]} 42.Qa8 {[%clk 0:05:32]} Qg5+ {[%clk 0:04:08]}
43.Kh2 {[%clk 0:05:17]} Qd2 {[%clk 0:03:51]} 44.Kg2 {[%clk 0:05:07]}
Qxa2 {[%clk 0:03:51]} 45.Qd8 {[%clk 0:05:08]} Kh7 {[%clk 0:03:40]}
46.Qc7 {[%clk 0:05:05]} a4 {[%clk 0:03:39]} 47.Qb7 {[%clk 0:05:05]}
Qb3 {[%clk 0:03:40]} 48.f4 {[%clk 0:04:57]} a3 {[%clk 0:03:29]}
49.f5 {[%clk 0:04:58]} gxf5 {[%clk 0:03:22]} 50.Qf3 {[%clk 0:04:52]}
Qxf3+ 0-1

[Event "13. Golden Prague Rapid Open"]
[Site "Praha"]
[Date "2017.07.01"]
[Round "6.7"]
[White "Chudinovskikh, Alexander M"]
[Black "Aubrecht, Petr"]
[Result "1-0"]
[WhiteElo "2250"]
[BlackElo "1659"]
[Annotator ""]
[Source ""]
[Remark ""]

1.e4 {[%clk 0:12:05]} c5 {[%clk 0:12:04]} 2.Nf3 {[%clk 0:12:07]}
d6 {[%clk 0:12:06]} 3.Bb5+ {[%clk 0:12:09]} Bd7 {[%clk 0:11:57]}
4.Bxd7+ {[%clk 0:12:09]} Qxd7 {[%clk 0:11:59]} 5.c4 {[%clk 0:12:12]}
Nc6 {[%clk 0:11:56]} 6.O-O {[%clk 0:12:10]} g6 {[%clk 0:11:44]}
7.d4 {[%clk 0:12:04]} cxd4 {[%clk 0:11:42]} 8.Nxd4 {[%clk 0:12:06]}
Bg7 {[%clk 0:11:44]} 9.Be3 {[%clk 0:12:02]} Nf6 {[%clk 0:11:36]}
10.f3 {[%clk 0:12:03]} O-O {[%clk 0:11:35]} 11.Nc3 {[%clk 0:12:03]}
Rac8 {[%clk 0:10:54]} 12.b3 {[%clk 0:12:05]} Ne8 {[%clk 0:08:26]}
13.Rc1 {[%clk 0:12:04]} Nc7 {[%clk 0:08:19]} 14.Qd2 {[%clk 0:11:58]}
Ne6 {[%clk 0:07:47]} 15.Nde2 {[%clk 0:11:30]} Rfd8 {[%clk 0:07:34]}
16.Nd5 {[%clk 0:11:29]} Nc7 {[%clk 0:07:09]} 17.Bg5 {[%clk 0:11:21]}
Nxd5 {[%clk 0:04:47]} 18.exd5 {[%clk 0:11:17]} Ne5 {[%clk 0:04:49]}
19.h3 {[%clk 0:10:41]} f6 {[%clk 0:04:38]} 20.Be3 {[%clk 0:10:41]}
e6 {[%clk 0:04:28]} 21.Bxa7 {[%clk 0:10:12]} exd5 {[%clk 0:04:00]}
22.Qxd5+ {[%clk 0:09:36]} Nf7 {[%clk 0:03:52]} 23.Bd4 {[%clk 0:08:38]}
Qc6 {[%clk 0:03:18]} 24.Nc3 {[%clk 0:07:47]} Re8 {[%clk 0:02:55]}
25.Nb5 {[%clk 0:07:05]} Bh6 {[%clk 0:01:55]} 26.Rce1 {[%clk 0:06:39]}
Qxd5 {[%clk 0:01:52]} 27.cxd5 {[%clk 0:06:38]} Bg7 {[%clk 0:01:39]}
28.Re6 {[%clk 0:06:32]} Ng5 {[%clk 0:00:06]} 29.Rxe8+ {[%clk 0:05:39]}
Rxe8 {[%clk 0:00:07]} 30.Nxd6 {[%clk 0:05:40]} Re7 {[%clk 0:00:07]}
31.Rc1 {[%clk 0:05:35]} Bf8 {[%clk 0:00:05]} 32.Rc8 {[%clk 0:05:08]}
Nf7 {[%clk 0:00:05]} 33.Ne8 {[%clk 0:04:54]} Re1+ {[%clk 0:00:04]}
34.Kf2 {[%clk 0:04:56]} Rd1 {[%clk 0:00:06]} 35.Nxf6+ {[%clk 0:04:25]}
Kg7 {[%clk 0:00:08]} 36.Bc3 {[%clk 0:04:13]} Rd3 {[%clk 0:00:10]}
37.Ke2 {[%clk 0:04:00]} Rxc3 {[%clk 0:00:12]} 38.Ne8+ {[%clk 0:04:01]}
Kg8 {[%clk 0:00:14]} 39.Rxc3 {[%clk 0:04:02]} Nd6 {[%clk 0:00:15]}
40.Nxd6 {[%clk 0:04:02]} Bxd6 {[%clk 0:00:18]} 41.Re3 {[%clk 0:03:59]}
Kf7 {[%clk 0:00:19]} 42.Re6 {[%clk 0:04:00]} Be7 {[%clk 0:00:21]}
43.Rb6 {[%clk 0:04:00]} Bc5 {[%clk 0:00:20]} 44.Rxb7+ {[%clk 0:04:00]}
Kf6 {[%clk 0:00:22]} 45.Rxh7 {[%clk 0:04:01]} Ke5 {[%clk 0:00:24]}
46.Rg7 {[%clk 0:04:00]} Kf6 {[%clk 0:00:26]} 47.Rc7 {[%clk 0:03:58]}
Ba3 {[%clk 0:00:25]} 48.d6 {[%clk 0:03:57]} Ke6 {[%clk 0:00:18]}
49.Rg7 {[%clk 0:03:51]} 1-0

[Event "13. Golden Prague Rapid Open"]
[Site "Praha"]
[Date "2017.07.01"]
[Round "6.8"]
[White "Pochinkov, Andrey"]
[Black "Hosticka, Frantisek"]
[Result "1/2-1/2"]
[WhiteElo "2021"]
[BlackElo "2138"]
[Annotator ""]
[Source ""]
[Remark ""]

1.Nf3 b5 2.e3 b4 3.b3 e6 4.Bb2 Bb7 5.d4 Nf6 6.Bd3 c5 7.O-O cxd4
8.exd4 Be7 9.Nbd2 O-O 10.Re1 Ba6 11.Bxa6 Nxa6 12.Qe2 Nc7 13.Nc4
Ncd5 14.a3 a5 15.a4 Qc7 16.Nfe5 Rfc8 17.Qf3 d6 18.Nd3 Nb6 19.Ne3
Nbd5 20.Rac1 Nxe3 21.fxe3 d5 22.Ne5 Bd6 23.c4 bxc3 24.Rxc3 Qb7
25.Rec1 Rxc3 26.Rxc3 Rc8 27.Qd1 Ne4 28.Rxc8+ Qxc8 29.Qc1 Qxc1+
30.Bxc1 Bxe5 31.dxe5 Nc5 32.Bd2 Nxb3 33.Bc3 Kf8 34.Kf1 Ke8 35.Ke1
Kd7 36.Kd1 Kc6 37.Kc2 Nc5 38.Bxa5 Nxa4 39.Bb4 Kb5 40.Bf8 g6 41.Kd3
Nb6 42.Kd4 Kc6 43.g4 Nd7 44.Be7 Nb6 45.h4 Nc4 46.h5 Nd2 47.Bf6
Nf3+ 48.Kd3 Nh2 49.hxg6 hxg6 50.g5 Nf3 51.Ke2 Nh4 52.Kd3 Nf5
53.Bd8 Kb5 54.Bc7 Kc6 55.Bd8 Kd7 56.Ba5 Ne7 57.Bb4 Nc6 58.Bd6
Kc8 59.Kc3 Kb7 60.Kb3 Kb6 61.Kc3 Kb5 62.Kb3 Na5+ 63.Kc3 Nc4 64.Kd4
Nxd6 65.exd6 Kc6 66.Ke5 Kd7 67.Kf6 Kxd6 68.Kxf7 e5 69.Kxg6 d4
70.exd4 exd4 71.Kf5 d3 72.g6 d2 73.g7 d1Q 74.g8Q Qf3+ 75.Kg6
Qg4+ 76.Kf7 Qf5+ 77.Kg7 Ke7 78.Qa8 1/2-1/2

[Event "13. Golden Prague Rapid Open"]
[Site "Praha"]
[Date "2017.07.01"]
[Round "6.9"]
[White "Ruzicka, Ondrej"]
[Black "Benes, Petr"]
[Result "1/2-1/2"]
[WhiteElo "1890"]
[BlackElo "2137"]
[Annotator ""]
[Source ""]
[Remark ""]

1.f4 {[%clk 0:12:01]} c5 {[%clk 0:11:57]} 2.Nf3 {[%clk 0:11:58]}
g6 {[%clk 0:11:35]} 3.e4 {[%clk 0:11:16]} Bg7 {[%clk 0:11:30]}
4.Bc4 {[%clk 0:10:54]} Nc6 {[%clk 0:11:19]} 5.O-O {[%clk 0:10:47]}
d6 {[%clk 0:10:56]} 6.d3 {[%clk 0:10:20]} e6 {[%clk 0:10:47]}
7.Nc3 {[%clk 0:10:06]} Nge7 {[%clk 0:10:38]} 8.Qe1 {[%clk 0:07:45]}
a6 {[%clk 0:10:13]} 9.a4 {[%clk 0:07:42]} b6 {[%clk 0:09:38]}
10.Be3 {[%clk 0:06:25]} Bb7 {[%clk 0:07:34]} 11.f5 {[%clk 0:05:48]}
Nd4 {[%clk 0:06:15]} 12.fxe6 {[%clk 0:03:58]} Nxe6 {[%clk 0:05:15]}
13.Bxe6 {[%clk 0:03:51]} fxe6 {[%clk 0:05:17]} 14.Ng5 {[%clk 0:03:48]}
Qd7 {[%clk 0:05:15]} 15.Qg3 {[%clk 0:02:30]} Be5 {[%clk 0:03:05]}
16.Qh3 {[%clk 0:02:24]} h6 {[%clk 0:02:21]} 17.Nxe6 {[%clk 0:02:10]}
Bc8 {[%clk 0:01:45]} 18.Nd5 {[%clk 0:01:19]} Ra7 {[%clk 0:01:47]}
19.Nef4 {[%clk 0:00:35]} Qxh3 {[%clk 0:01:41]} 20.Nxh3 {[%clk 0:00:34]}
Nxd5 {[%clk 0:01:37]} 21.exd5 {[%clk 0:00:36]} Bxh3 {[%clk 0:01:12]}
22.gxh3 {[%clk 0:00:38]} g5 {[%clk 0:01:06]} 23.c4 {[%clk 0:00:17]}
Re7 {[%clk 0:01:01]} 24.Bc1 {[%clk 0:00:05]} Bd4+ {[%clk 0:01:01]}
25.Kg2 {[%clk 0:00:06]} Re2+ {[%clk 0:01:02]} 26.Kg3 {[%clk 0:00:05]}
Be5+ {[%clk 0:01:00]} 27.Kf3 {[%clk 0:00:04]} Rxh2 {[%clk 0:00:59]}
28.Re1 Rxh3+ {[%clk 0:00:58]} 29.Kg4 {[%clk 0:00:09]} Rg3+ {[%clk 0:01:00]}
30.Kf5 {[%clk 0:00:11]} Rf8+ {[%clk 0:00:59]} 31.Kg6 {[%clk 0:00:08]}
Rf6+ {[%clk 0:00:57]} 32.Kh7 {[%clk 0:00:10]} Rxd3 {[%clk 0:00:46]}
33.Be3 {[%clk 0:00:09]} Ke7 {[%clk 0:00:40]} 34.Bg1 {[%clk 0:00:06]}
Rd2 {[%clk 0:00:37]} 35.b3 {[%clk 0:00:05]} a5 {[%clk 0:00:37]}
36.Rad1 {[%clk 0:00:07]} Rxd1 {[%clk 0:00:27]} 37.Rxd1 h5 {[%clk 0:00:29]}
38.Be3 {[%clk 0:00:09]} g4 {[%clk 0:00:25]} 39.Bg5 Kf7 {[%clk 0:00:24]}
40.Bxf6 {[%clk 0:00:13]} Kxf6 {[%clk 0:00:22]} 41.Kh6 {[%clk 0:00:13]}
g3 {[%clk 0:00:14]} 42.Rf1+ {[%clk 0:00:15]} Ke7 {[%clk 0:00:11]}
43.Kxh5 {[%clk 0:00:17]} Bd4 {[%clk 0:00:11]} 44.Re1+ {[%clk 0:00:17]}
Kf6 45.Re2 Kf5 {[%clk 0:00:10]} 46.Kh4 {[%clk 0:00:16]} Bf2 {[%clk 0:00:12]}
47.Kh3 {[%clk 0:00:17]} Kf4 {[%clk 0:00:13]} 48.Kg2 {[%clk 0:00:18]}
Bd4 {[%clk 0:00:10]} 49.Re8 {[%clk 0:00:20]} Be5 {[%clk 0:00:11]}
50.Rb8 {[%clk 0:00:22]} Ke4 {[%clk 0:00:12]} 51.Rxb6 {[%clk 0:00:21]}
Kd3 {[%clk 0:00:14]} 52.Rb5 {[%clk 0:00:15]} Kc3 {[%clk 0:00:16]}
53.Kf3 {[%clk 0:00:16]} Kc2 {[%clk 0:00:16]} 54.Kg2 {[%clk 0:00:09]}
Kc3 {[%clk 0:00:19]} 55.Rb8 {[%clk 0:00:10]} Kc2 {[%clk 0:00:20]}
56.Rb5 {[%clk 0:00:09]} Kc3 {[%clk 0:00:22]} 57.Rb8 {[%clk 0:00:07]}
Kc2 {[%clk 0:00:24]} 58.Rb5 {[%clk 0:00:07]} Kxb3 59.Rxa5 Kxc4
60.Ra8 Kxd5 61.a5 Kc6 62.a6 1/2-1/2